[Event "Madrid San Viator op 19th"]
[Site "Madrid"]
[Date "2012.11.11"]
[Round "8"]
[White "Martin Garcia, Francisco Javier"]
[Black "Camara Cozar, David"]
[Result "0-1"]
[WhiteElo "1609"]
[BlackElo "2077"]
[PlyCount "56"]
[EventDate "2012.09.23"]
[EventType "swiss"]
[EventRounds "9"]
[EventCountry "ESP"]
[SourceTitle "EXT 2013"]
[Source "ChessBase"]
[SourceDate "2012.11.22"]
[SourceVersion "1"]
[SourceVersionDate "2012.11.22"]
[SourceQuality "1"]

1. d4 Nf6 2. Nf3 g6 3. c4 Bg7 4. Nc3 d5 5. e3 0-0 6. Qb3 e6 7. Bd2 Nc6 8. cxd5 exd5 9. Rc1 Re8 10. Bb5 Bg4 11. Bxc6 bxc6 12. Ne5 c5 13. Nxg4 Nxg4 14. Qxd5 cxd4 15. Qxd8 Raxd8 16. Nb5 dxe3 17. fxe3 Nxe3 18. Bxe3 Rxe3+ 19. Kf2 Re5 20. Nxa7 Rd2+ 21. Kf1 Rf5+ 22. Ke1 Rxb2 23. Nc6 Rff2 24. g3 Rxa2 25. Nb4 Rae2+ 26. Kd1 Be5 27. Rb1 Rb2 28. Kc1 Rxb1+ 0-1

[Event "Madrid San Viator op 19th"]
[Site "Madrid"]
[Date "2012.10.28"]
[Round "6"]
[White "Sierra Soria, Maria"]
[Black "Camara Cozar, David"]
[Result "1-0"]
[WhiteElo "1795"]
[BlackElo "2077"]
[PlyCount "59"]
[EventDate "2012.09.23"]
[EventType "swiss"]
[EventRounds "9"]
[EventCountry "ESP"]
[SourceTitle "EXT 2013"]
[Source "ChessBase"]
[SourceDate "2012.11.22"]
[SourceVersion "1"]
[SourceVersionDate "2012.11.22"]
[SourceQuality "1"]

1. e4 e5 2. Nf3 Nc6 3. Bb5 a6 4. Ba4 Nf6 5. 0-0 Nxe4 6. d4 b5 7. Bb3 d5 8. dxe5 Be6 9. c3 Bc5 10. Nbd2 0-0 11. Bc2 Nxf2 12. Rxf2 f6 13. exf6 Bxf2+ 14. Kxf2 Qxf6 15. Kg1 Bg4 16. Qe2 g6 17. Bb3 Ne7 18. Qe5 Qb6+ 19. Nd4 Rae8 20. h3 Bc8 21. Ne4 Bb7 22. Bh6 Nf5 23. Bxd5+ Bxd5 24. Qxd5+ Rf7 25. Rf1 Nxh6 26. Nf6+ Kg7 27. Nxe8+ Kf8 28. Qd8 Rxf1+ 29. Kxf1 Nf7 30. Qxc7 1-0

[Event "Madrid San Viator op 19th"]
[Site "Madrid"]
[Date "2012.10.14"]
[Round "4"]
[White "Sanchez Lopez, Maria"]
[Black "Camara Cozar, David"]
[Result "1-0"]
[WhiteElo "1873"]
[BlackElo "2077"]
[PlyCount "79"]
[EventDate "2012.09.23"]
[EventType "swiss"]
[EventRounds "9"]
[EventCountry "ESP"]
[SourceTitle "EXT 2013"]
[Source "ChessBase"]
[SourceDate "2012.11.22"]
[SourceVersion "1"]
[SourceVersionDate "2012.11.22"]
[SourceQuality "1"]

1. d4 Nf6 2. c4 g6 3. Nc3 d5 4. cxd5 Nxd5 5. e4 Nxc3 6. bxc3 Bg7 7. Nf3 c5 8. Rb1 0-0 9. Be2 cxd4 10. cxd4 Qa5+ 11. Bd2 Qxa2 12. Qc1 Qe6 13. Ng5 Qc6 14. Qb2 h6 15. Rc1 Qd7 16. Nf3 Nc6 17. Bc3 e6 18. 0-0 a6 19. Rfd1 Re8 20. d5 Bxc3 21. Qxc3 exd5 22. exd5 Na7 23. Bc4 Qd6 24. Re1 Bd7 25. Ne5 Rac8 26. Qd4 b5 27. Qxa7 Rxe5 28. Rxe5 Qxe5 29. Qxd7 Rxc4 30. Rf1 Qc7 31. Qe8+ Kg7 32. g3 Qd6 33. Qa8 Rd4 34. Ra1 Rxd5 35. Rxa6 Rd1+ 36. Kg2 Qd3 37. Qe8 Qf1+ 38. Kf3 Qh1+ 39. Kg4 Kh7 40. Qxf7+ 1-0

[Event "Madrid Chamartin op 1st"]
[Site "Madrid"]
[Date "2012.09.11"]
[Round "4"]
[White "Camara Cozar, David"]
[Black "Rodriguez Dorado, Victor Manuel"]
[Result "1-0"]
[WhiteElo "2077"]
[BlackElo "1958"]
[PlyCount "49"]
[EventDate "2012.09.09"]
[EventType "swiss"]
[EventRounds "9"]
[EventCountry "ESP"]
[SourceTitle "CBM 150 Extra"]
[Source "ChessBase"]
[SourceDate "2012.10.19"]
[SourceVersion "1"]
[SourceVersionDate "2012.10.19"]
[SourceQuality "1"]

1. e4 c6 2. Nf3 d5 3. Nc3 Bg4 4. h3 Bh5 5. g4 Bg6 6. exd5 cxd5 7. h4 h5 8. Ne5 Qd6 9. d4 a6 10. Bg2 Nc6 11. Nxg6 Qxg6 12. Nxd5 0-0-0 13. g5 Qe6+ 14. Be3 Rxd5 15. Bh3 Rf5 16. d5 Qe4 17. Bxf5+ Qxf5 18. dxc6 bxc6 19. Qe2 Qa5+ 20. Bd2 Qb6 21. 0-0-0 e6 22. Rh3 Bc5 23. Rb3 Qa7 24. Qf3 Qc7 25. Rc3 1-0

[Event "Madrid Chamartin op 1st"]
[Site "Madrid"]
[Date "2012.09.10"]
[Round "2"]
[White "Camara Cozar, David"]
[Black "Orantes Sanz, Ricardo"]
[Result "1-0"]
[WhiteElo "2077"]
[BlackElo "1604"]
[PlyCount "33"]
[EventDate "2012.09.09"]
[EventType "swiss"]
[EventRounds "9"]
[EventCountry "ESP"]
[SourceTitle "CBM 150 Extra"]
[Source "ChessBase"]
[SourceDate "2012.10.19"]
[SourceVersion "1"]
[SourceVersionDate "2012.10.19"]
[SourceQuality "1"]

1. e4 Nf6 2. e5 Nd5 3. c4 Nb6 4. d4 d6 5. exd6 exd6 6. Nc3 Nc6 7. Be3 Bf5 8. b3 Be7 9. Bd3 Qd7 10. Nge2 Rd8 11. 0-0 0-0 12. Ng3 Bxd3 13. Qxd3 g6 14. Qd2 Bf6 15. Rad1 Rfe8 16. Nce4 Bh8 17. Bg5 1-0